000 00561nam a22001697a 4500
005 20251108172217.0
008 250721s1999 xx 000 0 ara d
082 1 4 _a612.821/طيا
100 1 _aالطيارة، بسام خالد
_eمؤلف
245 1 0 _aالنوم الصحي طريقك إلى السعادة :
_bالوقاية أهم من العلاج /
264 1 _aبيروت :
_bمؤسسة المعارف للطباعة والنشر،
_c1999.
300 _a152ص
650 1 7 _aالطب
650 1 7 _aالنوم
942 _2ddc
_cBK
999 _c73218
_d73218